000 00194 a2200097 4500
001 3575
100 _aM.I.T
245 _aPrinciples of radar
260 _a
_bMcgrawhill
_c
090 _c2839
_d2839
942 _aNUST-CAE
_cM
_c20435
999 _c238648
_d238648